00618nam a2200181 a 450000100100000000500170001000800410002704000250006808200210009310000360011424500640015025000110021426000390022530000210026404900090028595201250029499900170041900002640720200930030215.0110316s1968 mx r 000 0 spa d aDO-SdBNPbspacBNPHU axxxbT596p, 19681 aTirado Benedí, Domingo95345310aPsicotecnía de la educación /cDomingo Tirado Benedí. a2a ed. aMéxico, D. F. :bHerrero,c1968. a204 p. ;c20 cm. aBNGR 001054708MOaGRbGRcCTd2011-03-16iLF1l0oxxx T596p, 1968p26407-10r2020-06-25w2020-06-25y4ZPréstamo en sala c25899d25899